[Event "Kramnik Challenge 2021"]
[Site "chess24.com INT"]
[Date "2021.08.15"]
[Round "14.4"]
[White "Abdusattorov, Nodirbek"]
[Black "Sokolovsky, Yahli"]
[Result "1-0"]
[WhiteTitle "GM"]
[BlackTitle "FM"]
[WhiteElo "2634"]
[BlackElo "2415"]
[WhiteFideId "14204118"]
[BlackFideId "2820242"]
[EventDate "2021.08.12"]

1. e4 e5 2. Nf3 Nc6 3. Bc4 Bc5 4. c3 Nf6 5. d4 exd4 6. e5 d5 7. Bb5 Ne4 8. cxd4
Bb6 9. Nc3 Bg4 10. Be3 O-O 11. h3 Bh5 12. Qc2 Ba5 13. O-O Bxf3 14. gxf3 Ng5 15.
Qf5 Ne6 16. Bxc6 bxc6 17. Ne2 Rb8 18. b3 Bb6 19. Rac1 Qd7 20. f4 Rbd8 21. Qc2
Qe7 22. f5 Ng5 23. Kg2 f6 24. f4 Ne4 25. Qxc6 fxe5 26. fxe5 Qh4 27. Rf4 Qg5+ 28.
Kh2 Qh5 29. Ng3 Nxg3 30. Kxg3 Kh8 31. Rcf1 Qe2 32. Qc3 Ba5 33. Qxa5 Qxe3+ 34.
Kg2 g5 35. R4f3 Qxd4 36. e6 g4 37. Rf4 gxh3+ 38. Kh2 Qg7 39. Qd2 Rg8 40. Qf2 Qe5
41. Qd4 Qxd4 42. Rxd4 c5 43. Rd2 Rge8 44. Re2 d4 45. f6 d3 46. Re5 d2 47. f7 Rf8
48. e7 Kg7 49. exd8=Q Rxd8 50. Re8 1-0

[Event "Kramnik Challenge 2021"]
[Site "chess24.com INT"]
[Date "2021.08.15"]
[Round "14.5"]
[White "Murzin, Volodar"]
[Black "Saduakassova, Dinara"]
[Result "1/2-1/2"]
[WhiteTitle "IM"]
[BlackTitle "IM"]
[WhiteElo "2505"]
[BlackElo "2483"]
[WhiteFideId "44155573"]
[BlackFideId "13700090"]
[EventDate "2021.08.12"]

1. e4 e5 2. Nf3 Nc6 3. Bb5 a6 4. Ba4 Nf6 5. d3 d6 6. c3 g6 7. O-O Bg7 8. Re1 O-O
9. Nbd2 Re8 10. h3 b5 11. Bc2 d5 12. a4 b4 13. a5 bxc3 14. bxc3 Na7 15. Nf1 Nb5
16. Bd2 d4 17. cxd4 Nxd4 18. Nxd4 Qxd4 19. Be3 Qd8 20. Nd2 Bd7 21. Nc4 Bb5 22.
Bb3 Qd7 23. Qc2 Rad8 24. Red1 Qc6 25. Rac1 Bf8 26. Qa2 Qd7 27. d4 exd4 28. Bxd4
Bxc4 29. Rxc4 Nxe4 30. Qc2 c5 31. Ba4 Qe6 32. Bxe8 cxd4 33. Bc6 Nc3 34. Rxc3
dxc3 35. Rxd8 Qxc6 36. g3 Qc7 37. Re8 Qxa5 38. Kh2 Qc5 39. Re3 Bg7 40. Re8+ Bf8
41. Re3 Bg7 42. Re8+ Bf8 1/2-1/2

[Event "Kramnik Challenge 2021"]
[Site "chess24.com INT"]
[Date "2021.08.15"]
[Round "14.7"]
[White "Daggupati, Balaji"]
[Black "Mendonca, Leon Luke"]
[Result "1-0"]
[WhiteTitle "FM"]
[BlackTitle "GM"]
[WhiteElo "2429"]
[BlackElo "2537"]
[WhiteFideId "2090759"]
[BlackFideId "35028561"]
[EventDate "2021.08.12"]

1. e4 c5 2. Nf3 d6 3. d4 cxd4 4. Nxd4 Nf6 5. Nc3 a6 6. Bc4 e6 7. Bb3 b5 8. f4
Qc7 9. O-O Be7 10. f5 e5 11. Nde2 Bb7 12. Bg5 Nbd7 13. Ng3 Rc8 14. Kh1 b4 15.
Bxf6 Nxf6 16. Nd5 Bxd5 17. exd5 O-O 18. a3 bxa3 19. Rxa3 a5 20. Ra4 Qb6 21. Nh5
e4 22. Nxf6+ Bxf6 23. Rxe4 Bxb2 24. f6 g6 25. Qd2 Rfe8 26. Rxe8+ Rxe8 27. c3 Kh8
28. Qh6 Rg8 29. Rf3 Qxb3 30. Qxh7+ 1-0

[Event "Kramnik Challenge 2021"]
[Site "chess24.com INT"]
[Date "2021.08.15"]
[Round "14.8"]
[White "Zhu, Jiner"]
[Black "Lei, Tingjie"]
[Result "0-1"]
[WhiteTitle "WGM"]
[BlackTitle "GM"]
[WhiteElo "2455"]
[BlackElo "2505"]
[WhiteFideId "8608059"]
[BlackFideId "8605114"]
[EventDate "2021.08.12"]

1. e4 e5 2. Nf3 Nc6 3. Bb5 Nf6 4. O-O Nxe4 5. Re1 Nd6 6. Nxe5 Be7 7. Bf1 Nxe5 8.
Rxe5 O-O 9. d4 Bf6 10. Re1 Re8 11. Rxe8+ Nxe8 12. d5 d6 13. c3 a5 14. a4 Bg5 15.
f4 Bh6 16. Na3 Nf6 17. h3 g6 18. Nb5 Bg7 19. Be3 Bf5 20. Nd4 Be4 21. c4 Nd7 22.
Bd3 Bxd3 23. Qxd3 Nc5 24. Qc2 Qd7 25. Nf3 Re8 26. Bxc5 dxc5 27. Rd1 Qd6 28. Qd2
Re4 29. b3 Rxf4 30. Qe3 Bf6 31. Kh1 h5 32. Re1 h4 33. Nd2 Kg7 34. Ne4 Qe5 35.
Kg1 Qd4 36. Nxf6 Kxf6 37. Kh2 Qxe3 38. Rxe3 Rf2 39. Re8 Rb2 40. Rc8 Rxb3 41.
Rxc7 b6 42. Rb7 Rb4 43. Kg1 Ke5 44. Re7+ Kf6 45. Rb7 Ke5 46. Re7+ Kd6 47. Rxf7
Rxc4 48. Rf6+ Kxd5 49. Rxb6 Rxa4 50. Rxg6 Ra1+ 51. Kf2 a4 52. Rg5+ Kc6 53. Rg4
a3 54. Rxh4 Kb5 55. Rh8 a2 56. Rb8+ Kc6 57. Ra8 c4 58. Ra3 Kb5 59. Kg3 Kb4 60.
Ra8 c3 61. Rb8+ Kc4 62. Rc8+ Kd4 63. Rd8+ Ke5 64. Re8+ Kd4 65. Rd8+ Ke3 66. Re8+
Kd2 67. Rd8+ Ke2 68. Re8+ Kd2 69. Rd8+ Kc1 70. Ra8 c2 71. h4 Kb2 72. Rb8+ Ka3
73. Ra8+ Kb4 74. Rb8+ Ka5 75. Ra8+ Kb6 0-1

[Event "Kramnik Challenge 2021"]
[Site "chess24.com INT"]
[Date "2021.08.15"]
[Round "15.1"]
[White "Lei, Tingjie"]
[Black "Yip, Carissa"]
[Result "1-0"]
[WhiteTitle "GM"]
[BlackTitle "IM"]
[WhiteElo "2505"]
[BlackElo "2404"]
[WhiteFideId "8605114"]
[BlackFideId "2090732"]
[EventDate "2021.08.12"]

1. d4 Nf6 2. c4 g6 3. Nc3 Bg7 4. e4 O-O 5. Nf3 c6 6. e5 Ne8 7. Be2 d6 8. Bf4 Nd7
9. exd6 Nxd6 10. O-O c5 11. dxc5 Nxc5 12. Rc1 Nf5 13. b4 Ne6 14. Bd2 b6 15. Qa4
Bd7 16. Qa3 a5 17. b5 Nc5 18. Rfd1 e6 19. Bf4 Re8 20. Ne5 Qc8 21. Nxd7 Nxd7 22.
Ne4 e5 23. Be3 Qc7 24. c5 bxc5 25. Bxc5 Nxc5 26. Qxc5 Qb8 27. Bc4 Nd4 28. b6 Qd8
29. Bxf7+ Kxf7 30. Nd6+ Kf8 31. Nxe8+ Kxe8 32. b7 Rb8 33. Qc7 Bh6 34. Qxb8 1-0

[Event "Kramnik Challenge 2021"]
[Site "chess24.com INT"]
[Date "2021.08.15"]
[Round "15.2"]
[White "Mendonca, Leon Luke"]
[Black "Zhu, Jiner"]
[Result "1/2-1/2"]
[WhiteTitle "GM"]
[BlackTitle "WGM"]
[WhiteElo "2537"]
[BlackElo "2455"]
[WhiteFideId "35028561"]
[BlackFideId "8608059"]
[EventDate "2021.08.12"]

1. Nf3 Nf6 2. c4 e6 3. b3 d5 4. Bb2 c5 5. e3 Nc6 6. cxd5 exd5 7. Be2 Be7 8. O-O
O-O 9. d4 Be6 10. Nc3 a6 11. dxc5 Bxc5 12. Na4 Bd6 13. Nd4 Bd7 14. Rc1 Ne4 15.
Nc3 Nxc3 16. Bxc3 Qe7 17. Nxc6 Bxc6 18. Qd4 f6 19. Bf3 Be5 20. Qd2 Rfd8 21. Bd4
Bxd4 22. Qxd4 Qa3 23. Rc2 a5 24. Rfc1 Qb4 25. Rd1 Qxd4 26. Rxd4 Kf7 27. h4 Ke6
28. g4 Rd6 29. Kg2 Rad8 30. Kg3 Ke5 31. Rc1 g6 32. g5 f5 33. Rh1 b6 34. Bg2 Bb7
35. h5 Bc6 36. hxg6 hxg6 37. Rh6 Be8 38. Rh7 R6d7 39. Rh1 Bf7 40. Rc1 Rd6 41.
Rd2 Be8 42. Rcd1 Bf7 43. Rd4 R8d7 44. Bh3 Rd8 45. R1d2 Be8 46. Bg2 Bb5 47. Rd1
Be8 48. Rh1 Bf7 49. Rc1 R8d7 50. Rd2 Rd8 51. Rcd1 R8d7 52. Rd4 Rd8 53. Re1 Be8
54. Rc1 Rc6 55. Rcd1 Rcd6 56. Bh3 Bc6 57. Bf1 Be8 58. R1d2 Bf7 59. Bg2 Be8 60.
Bf3 Bf7 61. Rh4 Be8 62. Rh1 Bf7 63. Rhd1 Be8 64. Bg2 Bf7 65. Rd4 Be8 1/2-1/2

[Event "Kramnik Challenge 2021"]
[Site "chess24.com INT"]
[Date "2021.08.15"]
[Round "15.3"]
[White "Liang, Awonder"]
[Black "Daggupati, Balaji"]
[Result "1-0"]
[WhiteTitle "GM"]
[BlackTitle "FM"]
[WhiteElo "2587"]
[BlackElo "2429"]
[WhiteFideId "2056437"]
[BlackFideId "2090759"]
[EventDate "2021.08.12"]

1. e4 c5 2. Nc3 Nc6 3. Bb5 Nd4 4. Nf3 e6 5. O-O a6 6. Bd3 Nc6 7. e5 Nge7 8. Re1
Ng6 9. b3 d6 10. exd6 Bxd6 11. Bb2 O-O 12. Ne4 Be7 13. Ng3 Bf6 14. Qc1 Nd4 15.
Nxd4 Bxd4 16. Bxd4 Qxd4 17. Re4 Qf6 18. Re3 b6 19. Rb1 Bb7 20. b4 cxb4 21. Rxb4
b5 22. Qd1 Rad8 23. a4 Rd4 24. Rxd4 Qxd4 25. axb5 axb5 26. Bxb5 Bxg2 27. c3 Qd5
28. c4 Qb7 29. f3 Nh4 30. Kf2 Rd8 31. d4 Qb6 32. Ne2 e5 33. Qd3 exd4 34. Re4
Nxf3 35. Nf4 Bh1 36. Nh5 Qh6 37. Qe2 Qd2 38. Ng3 Qxe2+ 39. Kxe2 d3+ 40. Kd1 Ng5
41. Re5 Bf3+ 42. Kd2 f6 43. Re7 Kf8 44. Re3 h5 45. h4 Nf7 46. Rxf3 Ne5 47. Re3
Rd4 48. Re4 Nf3+ 49. Ke3 Rd8 50. Kxf3 d2 51. Ba4 d1=Q+ 52. Bxd1 Rxd1 53. Nxh5
Kf7 54. Ng3 g6 55. Ne2 Rd3+ 56. Re3 Rd8 57. Rc3 Rh8 58. Kg3 Re8 59. Nd4 Re4 60.
Nb5 Ke6 61. c5 Kd7 62. c6+ Kc8 63. Nd6+ 1-0

[Event "Kramnik Challenge 2021"]
[Site "chess24.com INT"]
[Date "2021.08.15"]
[Round "15.5"]
[White "Sokolovsky, Yahli"]
[Black "Murzin, Volodar"]
[Result "0-1"]
[WhiteTitle "FM"]
[BlackTitle "IM"]
[WhiteElo "2415"]
[BlackElo "2505"]
[WhiteFideId "2820242"]
[BlackFideId "44155573"]
[EventDate "2021.08.12"]

1. e4 c6 2. Nf3 d5 3. Nc3 dxe4 4. Nxe4 Nf6 5. Qe2 Nxe4 6. Qxe4 Be6 7. d4 Nd7 8.
c4 g6 9. Be2 Bg7 10. O-O O-O 11. Bf4 Qb6 12. Qe3 Rfe8 13. b3 Bg4 14. Rad1 e5 15.
c5 exf4 16. Qxe8+ Rxe8 17. cxb6 Rxe2 18. bxa7 Re8 19. d5 Ra8 20. h3 Bxf3 21.
gxf3 Rxa7 22. dxc6 bxc6 23. Rfe1 Bf6 24. a4 Nc5 25. Rd6 Be7 26. Rxc6 Nxb3 27.
Kg2 Kg7 28. Rb1 Nc5 29. Rc1 Nxa4 30. Ra1 Ra8 31. Rc4 Nb6 32. Rxa8 Nxc4 33. Ra4
Ne5 34. Rxf4 Nd3 35. Re4 Bc5 36. Rc4 Bb6 37. Rc6 Bd4 38. Rc4 Nf4+ 39. Kg3 Be5
40. Re4 Bd6 41. h4 Nd3+ 42. Kg2 Bc5 43. Rc4 Bxf2 44. Rc3 Nb2 45. Rc7 Bxh4 46. f4
Nd3 47. Kf3 Bf6 48. Rc4 h5 49. Ke3 Nb2 50. Rc1 Na4 51. Kf3 Nc3 52. Re1 Nd5 53.
Rg1 Ne7 54. Rb1 Nf5 55. Rb7 Be7 56. Rd7 Bd6 57. Rb7 Kf6 58. Ke4 Ke6 59. Rb1 Ne7
60. Re1 h4 61. Kf3+ Kf5 62. Rh1 Bxf4 63. Rxh4 Nd5 64. Rh7 Ke6 65. Rh8 Be5 66.
Re8+ Kf5 67. Ra8 f6 68. Ra5 Nf4 69. Kg3 g5 70. Ra8 Ng6+ 71. Kg2 g4 72. Ra5 Kg5
73. Kh1 f5 74. Rb5 f4 75. Kg2 Nh4+ 76. Kg1 Kf5 77. Rb7 g3 78. Rd7 Bd4+ 0-1

[Event "Kramnik Challenge 2021"]
[Site "chess24.com INT"]
[Date "2021.08.15"]
[Round "15.6"]
[White "Yoo, Christopher Woojin"]
[Black "Abdusattorov, Nodirbek"]
[Result "0-1"]
[WhiteTitle "IM"]
[BlackTitle "GM"]
[WhiteElo "2466"]
[BlackElo "2634"]
[WhiteFideId "30909694"]
[BlackFideId "14204118"]
[EventDate "2021.08.12"]

1. e4 e6 2. d4 d5 3. Bd3 dxe4 4. Bxe4 Nf6 5. Bf3 Bd6 6. Ne2 O-O 7. O-O Nbd7 8.
c4 e5 9. Nbc3 Re8 10. Bg5 h6 11. Bxf6 Nxf6 12. dxe5 Bxe5 13. Qxd8 Rxd8 14. Rad1
Bf5 15. Rfe1 c6 16. b3 g5 17. g3 Bc2 18. Rc1 Rd2 19. Nb1 Bxb1 20. Rxb1 Rad8 21.
b4 Rxa2 22. Nc1 Ra3 23. Rb3 Rxb3 24. Nxb3 Rd3 25. Nc5 Rxf3 26. Rxe5 b6 27. Na6
Rc3 28. c5 Rc1+ 29. Kg2 Rc2 30. h3 Nd5 31. b5 f6 32. Re8+ Kf7 33. Ra8 cxb5 34.
Rxa7+ Kg6 35. cxb6 Nxb6 36. Rb7 Rc6 37. Nb4 Rd6 38. g4 h5 39. Kg3 h4+ 40. Kg2
Nd5 41. Nxd5 Rxd5 42. Kh2 f5 43. Rb6+ Kf7 44. Kg2 f4 45. Kf3 Re5 46. Rb8 Ke7 47.
Rb7+ Kd6 48. Rb8 Kc5 49. Rc8+ Kd4 50. Rd8+ Kc4 51. Rc8+ Rc5 52. Re8 b4 53. Ke4
b3 54. Rb8 Kc3 55. Rb7 b2 56. Rb8 Rc4+ 57. Kf5 Rb4 58. Rc8+ Kb3 59. Rc1 bxc1=Q 0-1

[Event "Kramnik Challenge 2021"]
[Site "chess24.com INT"]
[Date "2021.08.15"]
[Round "15.7"]
[White "Shuvalova, Polina"]
[Black "Khademalsharieh, Sarasadat"]
[Result "1-0"]
[WhiteTitle "IM"]
[BlackTitle "IM"]
[WhiteElo "2507"]
[BlackElo "2494"]
[WhiteFideId "24171760"]
[BlackFideId "12512214"]
[EventDate "2021.08.12"]

1. e4 e5 2. Nf3 Nc6 3. Bb5 a6 4. Ba4 g6 5. h4 Bg7 6. h5 d6 7. d3 Bg4 8. h6 Bf8
9. Nc3 b5 10. Bb3 Qd7 11. Bd5 Bxf3 12. gxf3 Nge7 13. Bg5 b4 14. Bxc6 Qxc6 15.
Ne2 d5 16. Bd2 a5 17. a3 bxa3 18. Rxa3 a4 19. Qa1 d4 20. c3 Nc8 21. Ra2 dxc3 22.
Nxc3 Nb6 23. Ke2 Be7 24. Be3 Bc5 25. Bxc5 Qxc5 26. Rc1 Qb4 27. b3 a3 28. Nb1
Qxb3 29. Qxe5+ Kd7 30. Rxc7+ 1-0

[Event "Kramnik Challenge 2021"]
[Site "chess24.com INT"]
[Date "2021.08.15"]
[Round "15.8"]
[White "Bjerre, Jonas Buhl"]
[Black "Maurizzi, Marc Andria"]
[Result "1-0"]
[WhiteTitle "GM"]
[BlackTitle "IM"]
[WhiteElo "2550"]
[BlackElo "2488"]
[WhiteFideId "1444948"]
[BlackFideId "36083534"]
[EventDate "2021.08.12"]

1. e4 c5 2. Nf3 e6 3. d4 cxd4 4. Nxd4 Nf6 5. Nc3 Nc6 6. Ndb5 Bc5 7. Bf4 O-O 8.
Bc7 Qe7 9. Bd6 Bxd6 10. Qxd6 Qd8 11. Nc7 Ne8 12. Nxe8 Rxe8 13. Be2 a6 14. a4 Qb6
15. Rb1 Qb4 16. Qxb4 Nxb4 17. O-O Nxc2 18. Rfd1 d5 19. exd5 exd5 20. Nxd5 Rb8
21. Bd3 Nd4 22. Bxh7+ Kxh7 23. Rxd4 Bf5 24. Rbd1 Re2 25. Ne3 Be6 26. R4d2 Rxd2
27. Rxd2 Rc8 28. f4 Rc5 29. Rd4 b5 30. a5 Rc1+ 31. Rd1 Rc5 32. b4 Rc3 33. Kf2
Rb3 34. Rd6 Rxb4 35. f5 Bc8 36. Rc6 Bb7 37. Rc7 Be4 38. Rxf7 Rb2+ 39. Kg3 b4 40.
Kf4 Bxg2 41. f6 Bh1 42. Rxg7+ Kh8 43. Rc7 Rf2+ 44. Kg5 Be4 45. Ng4 Rf5+ 46. Kh6
Kg8 47. Rc4 Bf3 48. Rxb4 Kf7 49. h3 Bxg4 50. hxg4 Rxf6+ 51. Kh5 Rc6 52. Rb7+ Kg8
53. g5 Rc8 54. Ra7 Rc6 55. g6 Rc1 56. Rxa6 Rh1+ 57. Kg5 Rg1+ 58. Kf6 Rf1+ 59.
Ke7 Kg7 60. Re6 Ra1 61. a6 Rc1 62. Kd7 Ra1 63. Kc7 1-0